000 00701nam a22001097a 4500
008 180326b xxu||||| |||| 00| 0 eng d
100 _aJones, William
245 _aA handbook of the stamps of Cuba Part II: US Administration
260 _aWinter Park, Fla
_bauhtors
_c1984
650 _aCuba (1873-) | Antilles (1855-1873) | Spanish Colonies | Spain | United States Related | United States | Puerto Principe | Catalogs and Price Lists | Postal History | Production | Errors and Varieties | Plates and Plating | Bogus Issues | Forgeries and Counterfeits | Cinderella Material | Telegraph Issues | Postal Stationery | Cards | Post Office Seals and Labels | Seals and Labels | Concordances
700 _aRoy, R.
999 _c2674
_d2674